[Event "Nordic Chess-ch U16 Girls"]
[Site "Koge"]
[Date "2019.04.28"]
[Round "5"]
[White "Skaslien, Ingrid"]
[Black "Gronn, Embla Eikeland"]
[Result "1-0"]
[WhiteElo "1804"]
[BlackElo "1684"]
[PlyCount "73"]
[EventDate "2019.04.26"]
[EventType "swiss"]
[EventRounds "5"]
[EventCountry "DEN"]
[SourceTitle "EXT 2020"]
[Source "ChessBase"]
[SourceDate "2019.10.17"]
[SourceVersion "1"]
[SourceVersionDate "2019.10.17"]
[SourceQuality "1"]

1. d4 d5 2. Nf3 Nf6 3. e3 e6 4. Bd3 Bd6 5. Nbd2 0-0 6. 0-0 Nc6 7. a3 b6 8. b3 Bb7 9. Bb2 Ne7 10. Ne5 Ne4 11. f3 Nxd2 12. Qxd2 f6 13. Ng4 Ng6 14. c4 c5 15. Qc2 Qe8 16. cxd5 exd5 17. Rfe1 Rc8 18. Qe2 cxd4 19. Bxd4 Ne5 20. Bf5 Rc7 21. f4 Nxg4 22. Qxg4 Bc8 23. Rec1 Bc5 24. Kf2 Bxd4 25. exd4 Rxc1 26. Rxc1 Bxf5 27. Qxf5 Qe4 28. Qxe4 dxe4 29. Ke3 f5 30. g4 g6 31. gxf5 gxf5 32. d5 Rf7 33. Kd4 Kf8 34. d6 Kg7 35. Rc7 Kf6 36. d7 Rf8 37. Rc8 1-0

[Event "Oslo op"]
[Site "Oslo"]
[Date "2018.10.07"]
[Round "10"]
[White "Gronn, Embla Eikeland"]
[Black "Mella, Aage"]
[Result "1/2-1/2"]
[WhiteElo "1665"]
[BlackElo "1720"]
[PlyCount "109"]
[EventDate "2018.09.30"]
[EventType "swiss"]
[EventRounds "10"]
[EventCountry "NOR"]
[SourceTitle "EXT 2020"]
[Source "ChessBase"]
[SourceDate "2019.10.17"]
[SourceVersion "1"]
[SourceVersionDate "2019.10.17"]
[SourceQuality "1"]

1. d4 Nf6 2. Nc3 e6 3. e4 Bb4 4. e5 Nd5 5. Nge2 c5 6. Bd2 Nxc3 7. Bxc3 Qb6 8. a3 Bxc3+ 9. bxc3 d6 10. exd6 Qxd6 11. Ng3 b6 12. Bb5+ Bd7 13. Bxd7+ Nxd7 14. 0-0 Nf6 15. Nh5 Nxh5 16. Qxh5 0-0 17. dxc5 Qxc5 18. Qxc5 bxc5 19. Rab1 Rab8 20. Rb3 Rb6 21. Rfb1 Rd8 22. Kf1 Rdd6 23. Ke2 Kf8 24. Rd1 Ke7 25. Rxd6 Kxd6 26. c4 f5 27. Rd3+ Ke5 28. Rd7 Ra6 29. Rxg7 h5 30. Rh7 Rxa3 31. Rxh5 Rc3 32. Kd2 Rxc4 33. Rh3 Rd4+ 34. Rd3 a5 35. Kc3 a4 36. Rxd4 cxd4+ 37. Kb4 Kd5 38. Kxa4 Kc4 39. h4 Kc3 40. h5 Kxc2 41. h6 d3 42. h7 d2 43. h8Q d1Q 44. Qh4 Qg4+ 45. Qxg4 fxg4 46. Kb4 Kd3 47. Kc5 Ke2 48. f4 Kf2 49. Kd6 Kxg2 50. Kxe6 Kh3 51. f5 g3 52. f6 g2 53. f7 g1Q 54. f8Q Qe3+ 55. Kf7 1/2-1/2

[Event "Oslo op"]
[Site "Oslo"]
[Date "2018.10.04"]
[Round "7"]
[White "Langmyhr, Tore"]
[Black "Gronn, Embla Eikeland"]
[Result "1/2-1/2"]
[WhiteElo "1997"]
[BlackElo "1665"]
[PlyCount "150"]
[EventDate "2018.09.30"]
[EventType "swiss"]
[EventRounds "10"]
[EventCountry "NOR"]
[SourceTitle "EXT 2020"]
[Source "ChessBase"]
[SourceDate "2019.10.17"]
[SourceVersion "1"]
[SourceVersionDate "2019.10.17"]
[SourceQuality "1"]

1. c4 c6 2. e4 d5 3. exd5 cxd5 4. d4 Nc6 5. Nc3 Nf6 6. Bg5 dxc4 7. Bxc4 Qxd4 8. Qxd4 Nxd4 9. 0-0-0 e5 10. f4 Bc5 11. fxe5 Ng4 12. Nf3 Ne6 13. Bb5+ Kf8 14. Rhe1 a6 15. Ba4 b5 16. Bc2 Bb7 17. Ne4 Bxe4 18. Bxe4 Rc8 19. Kb1 Nxg5 20. Nxg5 Nf2 21. Rc1 h6 22. Nf3 Nxe4 23. Rxe4 Ke7 24. Re2 Bb6 25. Rec2 Rxc2 26. Rxc2 Rd8 27. Rc6 Rb8 28. Kc2 a5 29. Kd3 Rd8+ 30. Ke4 Bf2 31. Rc7+ Ke6 32. Rc2 Ba7 33. Rc6+ Ke7 34. Ra6 Bf2 35. Rxa5 Rb8 36. Nd4 Bxd4 37. Kxd4 Ke6 38. Ke4 Rb6 39. Ra7 b4 40. b3 Rc6 41. h4 Rc2 42. Ra6+ Ke7 43. g4 Rh2 44. h5 Re2+ 45. Kf4 Rf2+ 46. Ke3 Rg2 47. Kf3 Rd2 48. Rb6 Rd4 49. Rc6 Rd2 50. Rc4 Rxa2 51. Rxb4 Ke6 52. Rb7 Ra1 53. Ke4 Re1+ 54. Kd4 Rg1 55. Rb6+ Ke7 56. Kd5 Rxg4 57. Rb7+ Ke8 58. b4 Rg1 59. Rc7 Rb1 60. Rc4 Kd7 61. Kc5 g6 62. b5 gxh5 63. b6 Kc8 64. Kc6 Re1 65. Kd6+ Kb7 66. Rc7+ Kxb6 67. Rxf7 Rd1+ 68. Ke7 h4 69. Rf6+ Kc7 70. Rxh6 Rh1 71. e6 h3 72. Ke8 h2 73. e7 Kc8 74. Rh4 Kc7 75. Rh3 Kc6 1/2-1/2

[Event "Oslo op"]
[Site "Oslo"]
[Date "2018.10.03"]
[Round "5"]
[White "Johansen, Aleksander"]
[Black "Gronn, Embla Eikeland"]
[Result "0-1"]
[WhiteElo "1536"]
[BlackElo "1665"]
[PlyCount "118"]
[EventDate "2018.09.30"]
[EventType "swiss"]
[EventRounds "10"]
[EventCountry "NOR"]
[SourceTitle "EXT 2020"]
[Source "ChessBase"]
[SourceDate "2019.10.17"]
[SourceVersion "1"]
[SourceVersionDate "2019.10.17"]
[SourceQuality "1"]

1. Nf3 d5 2. b3 Nf6 3. Bb2 Bf5 4. g3 Nc6 5. Bg2 e6 6. 0-0 Be7 7. d3 0-0 8. Nbd2 a5 9. c4 d4 10. Nh4 Bg4 11. h3 Bh5 12. a3 Rb8 13. Rc1 Nd7 14. Bxc6 bxc6 15. Nhf3 c5 16. Qc2 Qc8 17. Rb1 Qb7 18. g4 Bg6 19. Bc1 e5 20. Ne4 Bxe4 21. dxe4 a4 22. Nd2 axb3 23. Rxb3 Qc6 24. Rxb8 Rxb8 25. Nf3 Qb6 26. Bd2 Bf6 27. a4 Qb3 28. Qxb3 Rxb3 29. Ra1 Nb6 30. g5 Be7 31. Nxe5 Rb2 32. a5 Na8 33. Bc1 Rxe2 34. Nc6 Re1+ 35. Kg2 Bxg5 36. Bb2 Rxe4 37. Ba3 d3 38. Bxc5 d2 39. Rb1 h6 40. Bb4 Rxc4 41. Bxd2 Bxd2 42. Rb8+ Kh7 43. Nd8 Bxa5 44. Rxa8 Bb6 45. Nxf7 Rf4 46. Rh8+ Kg6 47. Ne5+ Kh5 48. Ng4 c5 49. Kg3 Rf7 50. Ne5 Bc7 51. f4 Rf5 52. Rc8 Bxe5 53. fxe5 Rxe5 54. Rc7 g6 55. Rc6 Rg5+ 56. Kh2 Kh4 57. Re6 Kh5 58. Re4 Rf5 59. h4 Rd5 0-1

[Event "Oslo op"]
[Site "Oslo"]
[Date "2018.10.02"]
[Round "3"]
[White "Dahl, Max"]
[Black "Gronn, Embla Eikeland"]
[Result "1-0"]
[WhiteElo "1942"]
[BlackElo "1665"]
[PlyCount "51"]
[EventDate "2018.09.30"]
[EventType "swiss"]
[EventRounds "10"]
[EventCountry "NOR"]
[SourceTitle "EXT 2020"]
[Source "ChessBase"]
[SourceDate "2019.10.17"]
[SourceVersion "1"]
[SourceVersionDate "2019.10.17"]
[SourceQuality "1"]

1. d4 d5 2. Bf4 Nf6 3. e3 Bf5 4. Nf3 e6 5. c3 Be7 6. Qb3 Qc8 7. Nbd2 0-0 8. Be2 Nbd7 9. 0-0 c5 10. c4 cxd4 11. exd4 Qd8 12. c5 Ne4 13. Rfd1 b6 14. Nxe4 Bxe4 15. c6 Nf6 16. c7 Qc8 17. Qa4 a6 18. Qc6 Nh5 19. Be5 f6 20. Bd6 Bxd6 21. Qxd6 f5 22. Ng5 Nf6 23. Qxb6 Re8 24. Rac1 h6 25. Nh3 Re7 26. f3 1-0

[Event "Oslo Sveins op 11th"]
[Site "Oslo"]
[Date "2018.06.24"]
[Round "4"]
[White "Gronn, Eskil Ekeland"]
[Black "Gronn, Embla Eikeland"]
[Result "1-0"]
[WhiteElo "1869"]
[BlackElo "1663"]
[PlyCount "35"]
[EventDate "2018.06.22"]
[EventType "swiss"]
[EventRounds "9"]
[EventCountry "NOR"]
[SourceTitle "CBM 185 Extra"]
[Source "ChessBase"]
[SourceDate "2018.07.29"]
[SourceVersion "1"]
[SourceVersionDate "2018.07.29"]
[SourceQuality "1"]

1. d4 d5 2. Nf3 Nf6 3. Bf4 Bg4 4. Ne5 Bf5 5. h3 Nbd7 6. Nc3 e6 7. g4 Be4 8. f3 Bg6 9. h4 h6 10. Nxg6 fxg6 11. Qd3 Kf7 12. e4 dxe4 13. fxe4 Nxg4 14. Qf3 Ngf6 15. e5 Ng8 16. Bg5+ Ngf6 17. Be3 Be7 18. Bd3 1-0

[Event "NOR-ch U16"]
[Site "Stavanger"]
[Date "2017.07.01"]
[Round "8"]
[White "Melaa, Sondre Lillestol"]
[Black "Gronn, Embla Eikeland"]
[Result "1-0"]
[WhiteElo "1865"]
[BlackElo "1658"]
[PlyCount "63"]
[EventDate "2017.07.01"]
[EventType "swiss"]
[EventRounds "9"]
[EventCountry "NOR"]
[SourceTitle "EXT 2018"]
[Source "ChessBase"]
[SourceDate "2017.10.13"]
[SourceVersion "1"]
[SourceVersionDate "2017.10.13"]
[SourceQuality "1"]

1. e4 c6 2. c4 d5 3. exd5 cxd5 4. cxd5 Nf6 5. Nc3 Nxd5 6. Bc4 Nxc3 7. Qf3 e6 8. dxc3 Nc6 9. Bf4 Bc5 10. Ne2 0-0 11. 0-0 e5 12. Be3 Bxe3 13. fxe3 Qe7 14. Bd5 Nd8 15. Ng3 Be6 16. e4 Qc5+ 17. Kh1 Qb6 18. b4 a5 19. a3 Qd6 20. Rfd1 Qe7 21. Nf5 Bxf5 22. exf5 axb4 23. axb4 Rxa1 24. Rxa1 Qc7 25. Rf1 Nc6 26. f6 gxf6 27. Qxf6 Qd7 28. Rf3 Ne7 29. Bxf7+ Rxf7 30. Qxf7+ Kh8 31. Qf8+ Ng8 32. h3 1-0

[Event "Oslo Sveins op 10th"]
[Site "Oslo"]
[Date "2017.06.26"]
[Round "6"]
[White "Sundsbo, Sigve"]
[Black "Gronn, Embla Eikeland"]
[Result "0-1"]
[WhiteElo "1796"]
[BlackElo "1616"]
[PlyCount "114"]
[EventDate "2017.06.23"]
[EventType "swiss"]
[EventRounds "9"]
[EventCountry "NOR"]
[SourceTitle "CBM 179 Extra"]
[Source "ChessBase"]
[SourceDate "2017.08.23"]
[SourceVersion "1"]
[SourceVersionDate "2017.08.23"]
[SourceQuality "1"]

1. d4 d5 2. c4 c6 3. Nf3 Nf6 4. Nc3 dxc4 5. a4 Bf5 6. e3 e6 7. Bxc4 Be7 8. 0-0 0-0 9. Qe2 Nbd7 10. e4 Bg6 11. Bd3 c5 12. e5 Bxd3 13. Qxd3 Nd5 14. Nxd5 exd5 15. Be3 c4 16. Qe2 a6 17. a5 b6 18. axb6 Qxb6 19. Rab1 a5 20. Ne1 Rfc8 21. Nc2 Rab8 22. Qg4 Rc7 23. Qh3 Qe6 24. Qg3 Rcb7 25. Bc1 Qg6 26. Qxg6 hxg6 27. Ra1 Rb5 28. Ne3 Bg5 29. f4 Be7 30. Nd1 Bb4 31. Rf3 Rc8 32. Kf1 Nf8 33. Nc3 Bxc3 34. bxc3 Rcb8 35. Rf2 Ne6 36. Rc2 Ra8 37. Ke2 Rb3 38. g3 a4 39. Kd2 Nc7 40. Rca2 Nb5 41. Rc2 Kf8 42. Raa2 Ke7 43. Ra1 a3 44. Raa2 Ke6 45. Ra1 a2 46. Raxa2 Rxa2 47. Rxa2 Rxc3 48. Ra6+ Kf5 49. Ra5 Rd3+ 50. Ke1 Nxd4 51. h3 c3 52. Ra7 f6 53. g4+ Ke6 54. Ra6+ Kf7 55. Ra7+ Kg8 56. f5 gxf5 57. gxf5 fxe5 0-1

[Event "Oslo Sveins op 10th"]
[Site "Oslo"]
[Date "2017.06.23"]
[Round "1"]
[White "Moen, Ole Christian"]
[Black "Gronn, Embla Eikeland"]
[Result "1-0"]
[WhiteElo "2178"]
[BlackElo "1616"]
[PlyCount "69"]
[EventDate "2017.06.23"]
[EventType "swiss"]
[EventRounds "9"]
[EventCountry "NOR"]
[SourceTitle "CBM 179 Extra"]
[Source "ChessBase"]
[SourceDate "2017.08.23"]
[SourceVersion "1"]
[SourceVersionDate "2017.08.23"]
[SourceQuality "1"]

1. e4 c6 2. Nc3 d5 3. d4 dxe4 4. Nxe4 Bf5 5. Ng3 Bg6 6. Nh3 h6 7. Nf4 Bh7 8. Bc4 e6 9. 0-0 Nd7 10. Re1 Ngf6 11. Bxe6 Be7 12. Qe2 0-0 13. Bxd7 Bb4 14. c3 Bxc3 15. bxc3 Qxd7 16. Qf3 Rfe8 17. Bb2 Rxe1+ 18. Rxe1 Re8 19. Rxe8+ Qxe8 20. Qe3 Qxe3 21. fxe3 Ne4 22. Nxe4 Bxe4 23. Kf2 Kf8 24. Ba3+ Ke8 25. Nh5 Bd5 26. Nxg7+ Kd7 27. Nf5 h5 28. h4 Bxa2 29. Ng3 a5 30. Nxh5 a4 31. e4 Bb1 32. g4 Ke6 33. Ke3 Bc2 34. g5 Bd1 35. Nf6 1-0

[Event "Wch U14 Girls"]
[Site "Khanty-Mansiysk"]
[Date "2016.10.03"]
[Round "11"]
[White "Ebeling, Mariela"]
[Black "Gronn, Embla Eikeland"]
[Result "1/2-1/2"]
[WhiteElo "1459"]
[BlackElo "1533"]
[PlyCount "53"]
[EventDate "2016.09.22"]
[EventType "swiss"]
[EventRounds "11"]
[EventCountry "RUS"]
[SourceTitle "EXT 2017"]
[Source "ChessBase"]
[SourceDate "2016.10.25"]
[SourceVersion "1"]
[SourceVersionDate "2016.10.25"]
[SourceQuality "1"]

1. e4 c6 2. d4 d5 3. Nc3 dxe4 4. Nxe4 Bf5 5. Ng3 Bg6 6. h4 h6 7. Nf3 Nd7 8. h5 Bh7 9. Bd3 Bxd3 10. Qxd3 e6 11. Bf4 Qa5+ 12. Bd2 Bb4 13. a3 Bxd2+ 14. Qxd2 Qxd2+ 15. Kxd2 Ngf6 16. c4 0-0-0 17. Rh4 Nb6 18. Kc3 c5 19. dxc5 Na4+ 20. Kc2 Nxc5 21. Ne5 Rhf8 22. Rd1 Rxd1 23. Kxd1 Ncd7 24. Nxd7 Kxd7 25. Ne4 Nxe4 26. Rxe4 Ke7 27. Rd4 1/2-1/2

[Event "Wch U14 Girls"]
[Site "Khanty-Mansiysk"]
[Date "2016.09.25"]
[Round "4"]
[White "Sahin, Hayrun Nisa"]
[Black "Gronn, Embla Eikeland"]
[Result "0-1"]
[WhiteElo "1725"]
[BlackElo "1533"]
[PlyCount "100"]
[EventDate "2016.09.22"]
[EventType "swiss"]
[EventRounds "11"]
[EventCountry "RUS"]
[SourceTitle "EXT 2017"]
[Source "ChessBase"]
[SourceDate "2016.10.25"]
[SourceVersion "1"]
[SourceVersionDate "2016.10.25"]
[SourceQuality "1"]

1. e4 c6 2. d4 d5 3. exd5 cxd5 4. c4 Nf6 5. Nc3 e6 6. c5 Nc6 7. Nf3 Be7 8. a3 a5 9. Na4 0-0 10. Bd3 Nd7 11. 0-0 b6 12. Qc2 bxc5 13. Bxh7+ Kh8 14. dxc5 g6 15. Bxg6 fxg6 16. Qxg6 Rf6 17. Qh5+ Kg7 18. Bg5 Rg6 19. Bf4 Qh8 20. Qxh8+ Kxh8 21. Nb6 Nxb6 22. cxb6 Bd8 23. Rac1 Bb7 24. Ne5 Nxe5 25. Bxe5+ Kg8 26. Bc7 Bxc7 27. Rxc7 Rg7 28. Rfc1 Rxc7 29. Rxc7 Rc8 30. Rxc8+ Bxc8 31. f4 Kf7 32. Kf2 e5 33. fxe5 Ke6 34. Ke3 Kxe5 35. g3 d4+ 36. Kd3 Ba6+ 37. Kd2 Kd6 38. g4 Kc6 39. b3 Kxb6 40. g5 Bc8 41. Kd3 Kc5 42. b4+ axb4 43. axb4+ Kd5 44. Kd2 Bf5 45. h4 Bg6 46. b5 Kc5 47. b6 Kxb6 48. Kc1 Kc5 49. Kd1 Kc4 50. Kd2 d3 0-1

[Event "Wch U14 Girls"]
[Site "Khanty-Mansiysk"]
[Date "2016.09.22"]
[Round "1"]
[White "Gronn, Embla Eikeland"]
[Black "Vinokur, Yuliya"]
[Result "0-1"]
[WhiteElo "1533"]
[BlackElo "1956"]
[PlyCount "78"]
[EventDate "2016.09.22"]
[EventType "swiss"]
[EventRounds "11"]
[EventCountry "RUS"]
[SourceTitle "EXT 2017"]
[Source "ChessBase"]
[SourceDate "2016.10.25"]
[SourceVersion "1"]
[SourceVersionDate "2016.10.25"]
[SourceQuality "1"]

1. d4 Nf6 2. Nc3 g6 3. e4 d6 4. Nf3 Bg7 5. Be2 0-0 6. 0-0 a6 7. a4 b6 8. h3 Bb7 9. Bd3 c5 10. d5 Nbd7 11. Bd2 Ne5 12. Nxe5 dxe5 13. Qc1 Ne8 14. Bh6 f5 15. Bxg7 Nxg7 16. f3 f4 17. Bc4 Kh8 18. Rd1 g5 19. Qd2 Ne8 20. Ne2 Qd6 21. Qc3 Bc8 22. Nc1 Nf6 23. Nd3 Nd7 24. Kf2 Rb8 25. b4 cxb4 26. Qxb4 Nc5 27. Nxc5 bxc5 28. Qc3 Rb4 29. Rdb1 Bd7 30. Rb3 Bxa4 31. Rba3 Rxc4 32. Qxc4 Bb5 33. Qc3 c4 34. Ke1 Kg7 35. Rb1 Kf6 36. Qb4 Qb6 37. Qd2 Qg1+ 38. Ke2 Qxb1 39. Qc3 Qg1 0-1

[Event "Oslo Sveins op 9th"]
[Site "Oslo"]
[Date "2016.06.24"]
[Round "8"]
[White "Gronn, Embla Eikeland"]
[Black "Greibrokk, Maria"]
[Result "0-1"]
[WhiteElo "1504"]
[BlackElo "1596"]
[PlyCount "116"]
[EventDate "2016.06.24"]
[EventType "swiss"]
[EventRounds "9"]
[EventCountry "NOR"]
[SourceTitle "CBM 173 Extra"]
[Source "ChessBase"]
[SourceDate "2016.08.29"]
[SourceVersion "1"]
[SourceVersionDate "2016.08.29"]
[SourceQuality "1"]

1. d4 Nf6 2. Nc3 g6 3. e4 d6 4. Nf3 Bg7 5. Be2 0-0 6. 0-0 Nbd7 7. Bf4 c5 8. h3 cxd4 9. Nd5 Nxe4 10. Bd3 Nef6 11. Nxf6+ Nxf6 12. Re1 e5 13. Bh2 Be6 14. Nd2 Nd5 15. Be4 f5 16. Bf3 e4 17. Be2 d3 18. cxd3 Bxb2 19. Rb1 Nc3 20. Qc2 Nxb1 21. Qxb1 Be5 22. dxe4 Bxh2+ 23. Kxh2 fxe4 24. Nxe4 d5 25. Ng3 Rxf2 26. Qxb7 Qc8 27. Qxc8+ Rxc8 28. Bf3 Re8 29. Ne2 Rxf3 30. gxf3 Bf5 31. Kg2 Bd3 32. Kf2 Rxe2+ 33. Rxe2 Bxe2 34. Kxe2 Kf7 35. Ke3 g5 36. f4 gxf4+ 37. Kxf4 Kf6 38. a4 a5 39. Ke3 Ke5 40. Kd3 h5 41. Ke3 h4 42. Kd3 Kf4 43. Kd4 Kg3 44. Kxd5 Kxh3 45. Kc5 Kg3 46. Kb5 h3 47. Kxa5 h2 48. Kb6 h1Q 49. a5 Qa8 50. a6 Kf4 51. Kc7 Qxa6 52. Kb8 Ke5 53. Kc7 Qh6 54. Kd7 Qd6+ 55. Kc8 Qe7 56. Kb8 Kd6 57. Ka8 Kc6 58. Kb8 Qb7# 0-1

[Event "Oslo Sveins op 9th"]
[Site "Oslo"]
[Date "2016.06.24"]
[Round "2"]
[White "Gronn, Embla Eikeland"]
[Black "Olsen, Ulrik"]
[Result "0-1"]
[WhiteElo "1504"]
[BlackElo "1804"]
[PlyCount "100"]
[EventDate "2016.06.24"]
[EventType "swiss"]
[EventRounds "9"]
[EventCountry "NOR"]
[SourceTitle "CBM 173 Extra"]
[Source "ChessBase"]
[SourceDate "2016.08.29"]
[SourceVersion "1"]
[SourceVersionDate "2016.08.29"]
[SourceQuality "1"]

1. d4 Nf6 2. Nc3 d5 3. Bg5 Bf5 4. f3 h6 5. Bh4 g5 6. Bg3 e6 7. Qd2 Bd6 8. Bxd6 Qxd6 9. 0-0-0 c6 10. e3 b5 11. Bd3 Bxd3 12. Qxd3 a5 13. e4 b4 14. e5 Qc7 15. exf6 bxc3 16. Qxc3 Nd7 17. Ne2 Nxf6 18. Qe3 0-0-0 19. Rd3 Rhe8 20. Ra3 e5 21. Qc3 e4 22. fxe4 Nxe4 23. Qxa5 Nf2 24. Qa6+ Qb7 25. Qxb7+ Kxb7 26. Re1 Ng4 27. h3 Ne3 28. Rb3+ Kc7 29. Ng3 Nxg2 30. Rxe8 Rxe8 31. Rf3 Nf4 32. h4 gxh4 33. Rxf4 hxg3 34. Rxf7+ Kb6 35. Rg7 Re1+ 36. Kd2 Rg1 37. Ke3 h5 38. a4 h4 39. Kf3 Rf1+ 40. Kg2 Rf2+ 41. Kh3 Rh2+ 42. Kg4 h3 43. Kf3 Rf2+ 44. Ke3 Rf1 45. Rxg3 h2 46. Rh3 h1Q 47. Rxh1 Rxh1 48. Kd3 Rh3+ 49. Kd2 Ka5 50. b3 Kb4 0-1

[Event "Oslo Stjernens op B"]
[Site "Oslo"]
[Date "2016.03.13"]
[Round "4"]
[White "Engedal, Jo Fronsdal"]
[Black "Gronn, Embla Eikeland"]
[Result "0-1"]
[WhiteElo "1097"]
[BlackElo "1406"]
[PlyCount "54"]
[EventDate "2016.03.11"]
[EventType "swiss"]
[EventRounds "5"]
[EventCountry "NOR"]
[SourceTitle "EXT 2023"]
[Source "ChessBase"]
[SourceDate "2022.10.05"]
[SourceVersion "1"]
[SourceVersionDate "2022.10.05"]
[SourceQuality "1"]

1. d4 d5 2. e3 Nf6 3. Bd3 Nc6 4. Nd2 Nb4 5. Bb5+ c6 6. Ba4 Bf5 7. a3 Na6 8. c3 e6 9. Ngf3 Bd6 10. Bc2 Bxc2 11. Qxc2 0-0 12. 0-0 c5 13. e4 dxe4 14. Nxe4 Nxe4 15. Qxe4 cxd4 16. Ng5 g6 17. Qxd4 Be7 18. Qh4 Bxg5 19. Bxg5 f6 20. Bh6 Rf7 21. Rfe1 Qb6 22. Re2 Rd8 23. Rae1 Rd6 24. Qc4 Rfd7 25. Rxe6 Rxe6 26. Qxe6+ Qxe6 27. Rxe6 Rd1+ 0-1

[Event "NOR-ch U14 Girls"]
[Site "Oslo"]
[Date "2016.02.13"]
[Round "4"]
[White "Gronn, Embla Eikeland"]
[Black "Kvendseth, Thyra"]
[Result "1/2-1/2"]
[WhiteElo "1390"]
[BlackElo "1614"]
[PlyCount "44"]
[EventDate "2016.02.12"]
[EventType "swiss"]
[EventRounds "6"]
[EventCountry "NOR"]
[SourceTitle "EXT 2024"]
[Source "ChessBase"]
[SourceDate "2023.10.10"]
[SourceVersion "1"]
[SourceVersionDate "2023.10.10"]
[SourceQuality "1"]

1. d4 d5 2. Nc3 c6 3. e4 dxe4 4. Nxe4 g6 5. Nf3 Bg7 6. Bc4 Nf6 7. Nxf6+ Bxf6 8. 0-0 0-0 9. Bh6 Bg7 10. Bxg7 Kxg7 11. h3 Nd7 12. Re1 Nf6 13. Qe2 e6 14. c3 Qe7 15. Qe5 Bd7 16. Nd2 Kg8 17. Ne4 Nxe4 18. Qxe4 Rac8 19. Bb3 Kg7 20. Qe5+ Kg8 21. Qg3 Kg7 22. Qe5+ Kg8 1/2-1/2

[Event "NOR-ch U12"]
[Site "Bergen"]
[Date "2015.11.??"]
[Round "3"]
[White "Langvik, Ulrikke"]
[Black "Gronn, Embla Eikeland"]
[Result "1/2-1/2"]
[WhiteElo "1364"]
[BlackElo "1346"]
[PlyCount "122"]
[EventDate "2015.11.13"]
[EventType "swiss"]
[EventRounds "7"]
[EventCountry "NOR"]
[SourceTitle "EXT 2024"]
[Source "ChessBase"]
[SourceDate "2023.10.10"]
[SourceVersion "1"]
[SourceVersionDate "2023.10.10"]
[SourceQuality "1"]

1. d4 d5 2. c4 c6 3. Nc3 Nf6 4. Nf3 dxc4 5. e4 b5 6. a4 b4 7. Na2 e6 8. Bg5 Be7 9. Bxf6 gxf6 10. Bxc4 Bb7 11. 0-0 c5 12. d5 exd5 13. exd5 Qd6 14. Re1 Nd7 15. Qd3 Nb6 16. Rad1 Nxc4 17. Qxc4 0-0-0 18. Nxb4 Kb8 19. Na2 Bxd5 20. Qb5+ Qb6 21. Qxb6+ axb6 22. Rxe7 Bxa2 23. Rxd8+ Rxd8 24. h3 Rd1+ 25. Kh2 Rb1 26. Re2 Bb3 27. Nd2 Rxb2 28. Re8+ Kc7 29. Nxb3 Rxb3 30. Re7+ Kd6 31. Rxf7 Ke6 32. Rxh7 c4 33. h4 Kd6 34. Rh6 Ke6 35. Rg6 c3 36. Rg3 c2 37. Rxb3 c1Q 38. Rxb6+ Kf7 39. a5 Qf4+ 40. Kg1 Qc1+ 41. Kh2 Qc7+ 42. g3 Qa7 43. Kg2 Qxa5 44. Rb7+ Kg6 45. Rb8 Qd5+ 46. Kg1 Qf3 47. Rg8+ Kf7 48. Rb8 f5 49. Rb4 Qd5 50. Rf4 Kg6 51. Kh2 Qd1 52. Kg2 Qe1 53. Kf3 Qh1+ 54. Ke2 Qd5 55. Kf1 Kf6 56. Kg1 Kg6 57. Kh2 Kh5 58. Kg1 Qe5 59. Kg2 Qd5+ 60. Kf1 Qh1+ 61. Ke2 Kg6 1/2-1/2

[Event "NOR-ch U12"]
[Site "Oslo"]
[Date "2015.07.07"]
[Round "5"]
[White "Gronn, Embla Eikeland"]
[Black "Vestby Ellingsen, Mads"]
[Result "0-1"]
[WhiteElo "1115"]
[BlackElo "1598"]
[PlyCount "54"]
[EventDate "2015.07.04"]
[EventType "swiss"]
[EventRounds "9"]
[EventCountry "NOR"]
[SourceTitle "EXT 2017"]
[Source "ChessBase"]
[SourceDate "2016.10.25"]
[SourceVersion "1"]
[SourceVersionDate "2016.10.25"]
[SourceQuality "1"]

1. d4 g6 2. e4 Bg7 3. Nc3 d6 4. Bc4 a6 5. a3 e6 6. Nf3 b5 7. Ba2 Ne7 8. 0-0 0-0 9. Bf4 Bb7 10. Re1 Nd7 11. e5 d5 12. b4 Nb6 13. Nd2 Nc4 14. Nxc4 dxc4 15. a4 Qd7 16. axb5 axb5 17. Ne4 Bxe4 18. Rxe4 Nd5 19. Bd2 Ra6 20. c3 Rfa8 21. Qc2 c6 22. Re2 R8a7 23. g3 Qd8 24. Kg2 Qa8 25. Be1 c5 26. dxc5 Ne3+ 27. Kg1 Qg2# 0-1

[Event "Oslo Sveins op 8th"]
[Site "Oslo"]
[Date "2015.06.20"]
[Round "3"]
[White "Gronn, Embla Eikeland"]
[Black "Ellingsrud, Bjorn"]
[Result "1-0"]
[WhiteElo "1357"]
[BlackElo "1553"]
[PlyCount "56"]
[EventDate "2015.06.19"]
[EventType "swiss"]
[EventRounds "9"]
[EventCountry "NOR"]
[SourceTitle "CBM 167 Extra"]
[Source "ChessBase"]
[SourceDate "2015.09.14"]
[SourceVersion "1"]
[SourceVersionDate "2015.09.14"]
[SourceQuality "1"]

1. d4 Nf6 2. Nc3 d5 3. Bg5 e6 4. e4 Be7 5. e5 Nfd7 6. Bxe7 Qxe7 7. f4 c5 8. Nb5 Nb6 9. Nd6+ Kf8 10. dxc5 Na4 11. Nxc8 Qxc5 12. Nd6 Qb4+ 13. c3 Qxf4 14. Nf3 Nc5 15. Qd4 Qxd4 16. cxd4 Ncd7 17. Nxb7 f6 18. Nc5 Nxc5 19. dxc5 Nc6 20. exf6 gxf6 21. Bb5 Rc8 22. Bxc6 Rxc6 23. Rc1 Ke7 24. Kf2 Rb8 25. b3 e5 26. Rhd1 d4 27. Re1 Ke6 28. Nxd4+ Kd5 1-0

[Event "EU-ch U12 Girls 24th"]
[Site "Batumi"]
[Date "2014.10.19"]
[Round "1"]
[White "Gronn, Embla Eikeland"]
[Black "Vuller, Annastasia"]
[Result "0-1"]
[WhiteElo "1389"]
[BlackElo "1660"]
[PlyCount "52"]
[EventDate "2014.10.19"]
[EventType "swiss"]
[EventRounds "9"]
[EventCountry "GEO"]
[SourceTitle "EXT 2016"]
[Source "ChessBase"]
[SourceDate "2015.10.08"]
[SourceVersion "1"]
[SourceVersionDate "2015.10.08"]
[SourceQuality "1"]

1. d4 Nf6 2. Nc3 d5 3. Bg5 Ne4 4. Nxe4 dxe4 5. e3 g6 6. Bc4 Bg7 7. Ne2 c5 8. c3 0-0 9. Qc2 cxd4 10. exd4 h6 11. Bf4 Qb6 12. 0-0 Nc6 13. Rab1 Kh8 14. Qd2 g5 15. Bg3 f5 16. h4 f4 17. Bh2 Na5 18. Bd5 f3 19. Ng3 gxh4 20. Nxe4 Qg6 21. g3 Qf5 22. Kh1 Qxd5 23. Qe3 Nc4 24. Qd3 Bf5 25. Rfe1 Bxe4 26. Rxe4 Nd2 0-1

[Event "Oslo Vederhus Memorial op B"]
[Site "Oslo"]
[Date "2013.09.29"]
[Round "8"]
[White "Gronn, Embla Eikeland"]
[Black "Aure, Anders Nilsson"]
[Result "0-1"]
[WhiteElo "847"]
[BlackElo "1622"]
[PlyCount "70"]
[EventDate "2013.09.29"]
[EventType "swiss"]
[EventRounds "9"]
[EventCountry "NOR"]
[SourceTitle "EXT 2024"]
[Source "ChessBase"]
[SourceDate "2023.10.10"]
[SourceVersion "1"]
[SourceVersionDate "2023.10.10"]
[SourceQuality "1"]

1. d4 d5 2. Nc3 Nf6 3. Bg5 Nbd7 4. Qd3 g6 5. f3 Bg7 6. e4 dxe4 7. fxe4 0-0 8. e5 Ne8 9. Nd5 f6 10. Nf4 Nb6 11. Qb3+ Kh8 12. exf6 Nxf6 13. Qd3 Bf5 14. Qe3 Qd7 15. 0-0-0 Qc6 16. Rd2 Rfe8 17. Re2 Nc4 18. Qb3 Ne4 19. Nf3 b5 20. Qb4 a5 21. Qb3 Rad8 22. c3 a4 23. Qb4 Bf8 24. Ne5 Nxe5 25. dxe5 e6 26. Bxd8 Bxb4 27. Bf6+ Nxf6 28. exf6 Bd6 29. Nh3 Bxh3 30. f7 Rf8 31. Rg1 Bf4+ 32. Kb1 Bf5+ 33. Ka1 Rxf7 34. g3 Bd6 35. Bg2 Qd7 0-1